00488nam a2200193 a 4500001001300000003000900013005001700022008004100039020001000080082001300090100001900103245003300122260005000155300000900205500003500214505001200249650001400261700001900275nice12345678IN_TiNIC20260116011316.0050524s1912 lona grp 000 0 eng  ac10000a234bTIS aTisdall, Clair aPath of Lifeb Tariqul-Hayat aLondon & MadrasbChristian Lit. Societyc1912 a335p aincludes index and biblioraphy2 aIndexes aSalvation1 aTisdall, Clair